| 000 | 01342nam a2200253 a 4500 | ||
|---|---|---|---|
| 003 | DO-SdBNP | ||
| 005 | 20250123131622.0 | ||
| 007 | ta | ||
| 008 | 110613s1992 000 spa d | ||
| 040 |
_aDO-SdBNP _bspa _cBNPHU |
||
| 082 |
_222 _axxx _bR332 |
||
| 245 | 0 |
_aReforma curricular en la educación superior / _ccoordinadora Rocío Hernández Mella |
|
| 250 | _a19 ed. | ||
| 260 |
_aSanto Domingo : _bCICOM, _c1992 |
||
| 300 |
_a70 p. _c23 cm. |
||
| 490 |
_aPlan educativo ; _v19 |
||
| 505 | _aReforma curricular en la educación superior un caso concreto: la Universidad Autónoma de Santo Domingo / Hilda Paula de Mendoza 3 -- La evaluación curricular en la educación superior. La experiencia del Instituto Tecnológico de Santo Domingo / Altagracia López 17 -- Características de la oferta curricular de la Pontificia Universidad Católica Madre y Maestra innovadora y con miras a contribuir al desarrollo económico del país / Amarilis Pérez de Zapata 37 -- La reforma curricular "a presión": la experiencia de la Universidad Iberoamericana / Miguel Sang Ben 53 | ||
| 590 | _aInventariado, 2022 / DG | ||
| 650 | 4 |
_aCambio curricular _zRepública Dominicana _982516 |
|
| 650 | 4 |
_aEducación superior _zRepública Dominicana |
|
| 700 | 1 |
_aHernández Mella, Rocio _ecoordinadora _912263 |
|
| 910 | _aDG | ||
| 942 |
_2ddc _cLBS1 |
||
| 999 |
_c52548 _d52548 |
||